000 00612nam a2200205Ia 4500
003 IN-BaIIA
008 211028s9999 xx 000 0 eng d
040 _cIIA Library
080 _a537.533
_bSTU
100 _aSturrock, P. A
_93200
245 0 _aStatic and dynamic electron optics
_ban account of focusing in lens, deflector and accelerator
_cPeter A Sturrock
260 _aCambridge
_bCambridge University Press
_c1955
300 _ax, 240p.
650 _aElectron optics
_93201
650 _aLenses
_92979
650 _aNASA thesaurus
650 _aOptics
650 _aOptoelectronics
_93202
942 _cBK
999 _c1594
_d1594